000 00417nam a2200169Ia 4500
001 476
003 NUMERAZIONE-ORIGINALE-BRESCIA
005 20260206230753.0
008 260206s9999 xx 000 0 und d
100 _aEmanuele Pietro
245 0 _aFilosofi a luci rosse
260 _aMilano
260 _bSalani
260 _c2004
500 _aLa filosofia da un punto di vista inedito
942 _2ddc
_cBK
_n0
999 _c24261
_d24261